• 首页
  • 本馆介绍
  • 公告通知
  • 最新文献
  • 馆藏检索
  • 电子资源
  • 读者导购
  • 参考咨询
  • 我的图书馆
  • 登录
  • 详细信息显示
  • 放入我的书架
  • 预约/预借图书
  • 作者相关作品
  • 分类相关作品
  • 丛书相关作品
  • 出版社相关作品

书目信息

  • 表格格式
  • 工作单格式
  • 卡片格式
题名:
家庭小菜园养护实用技术
    
 
作者: 王迪轩 主编
分册:  
出版信息: 北京   化学工业出版社  2010
页数: 260页
开本: 21cm
丛书名:
单 册:
中图分类: S63
科图分类:
主题词: 蔬菜园艺
电子资源:
ISBN: 978-7-122-09503-9
000 00832nam0 2200229 45
001 1130215437
005 20110309141235.23
010    @a978-7-122-09503-9@dCNY24.00
100    @a20110122d2010 em y0chiy50 ea
101 0  @achi
102    @aCN@b110000
105    @aa z 000yy
106    @ar
200 1  @a家庭小菜园养护实用技术@AJia Ting Xiao Cai Yuan Yang Hu Shi Yong Ji Shu@f王迪轩主编@FWang Di Xuan Zhu Bian
210    @a北京@c化学工业出版社@d2010
215    @a260页@c彩图@d21cm
330    @a本书介绍了家庭小菜园中辣椒、茄子、番茄、黄瓜等38种常规蔬菜的新优品种、栽培养护技术、病虫害综合防治、家庭容器栽培、家庭简易贮藏加工等技术要点,介绍了相关蔬菜特有的营养保健知识。
606 0  @a蔬菜园艺
690    @aS63@v4
701  0 @a王迪轩@AWang Di Xuan@4主编
801  0 @aCN@bTANGWEI@c20110309
905    @b0530574-78@dS63@e213@f5
    
    家庭小菜园养护实用技术/王迪轩主编.-北京:化学工业出版社,2010
    260页:彩图;21cm
    
    
    ISBN 978-7-122-09503-9:CNY24.00
    本书介绍了家庭小菜园中辣椒、茄子、番茄、黄瓜等38种常规蔬菜的新优品种、栽培养护技术、病虫害综合防治、家庭容器栽培、家庭简易贮藏加工等技术要点,介绍了相关蔬菜特有的营养保健知识。
●
相关链接 在E读中查询图书 在五车中查询图书 在当当中查询图书 在豆瓣中查询图书


正题名:家庭小菜园养护实用技术     索取号:S63/213         预约/预借

序号 登录号 条形码 馆藏地/架位号 状态 备注
1 0530574   205305748   第二样本阅览室/ [索取号:S63/213] 在馆    
2 0530575   205305757   第三借阅区/ [索取号:S63/213] 在馆    
3 0530576   205305766   第三借阅区/ [索取号:S63/213] 在馆    
4 0530577   205305775   密集书库-生命科学系/ [索取号:S63/213] 在馆    
5 0530578   205305784   第三借阅区/ [索取号:S63/213] 在馆    
唐山师范学院图书馆 欢迎您!
大连网信软件有限公司© 版权所有